000 00756 a2200205 4500
020 _a0444016090
020 _a9780444016096
082 _a519.3
090 _c956
_d956
100 1 _aKamien, Morton I.
245 1 0 _aDynamic optimization :
_bthe calculus of variations and optimal control in economics and management /
_cMorton I. Kamien, Nancy L. Schwartz.
250 _a2nd ed.
260 _a[S.l.] :
_bElsevier Science,
_c1991.
300 _a396 p. ;
_c23 cm.
490 1 _aAdvanced textbooks in economics.
700 1 _aSchwartz, Nancy L.
830 0 _aAdvanced textbooks in economics.
942 _aSNS
_cBK
_k519.3 KAM
999 _c29575
_d29575